000 00326nam a2200145Ia 4500
999 _c5877
_d5877
003 OSt
008 191201s2014 xx 000 0 und d
100 _aGANGOPADHYAY, Subinoy
245 0 _aEngineering Geology
250 _aimp
260 _aN. delhi
_bOxford
_c2014
300 _a566
650 _aB.Tech(CE)
942 _2ddc
_cBK